| 000 | 00408nam a2200145Ia 4500 | ||
|---|---|---|---|
| 008 | 210210b1975 xxu||||| |||| 00| 0 eng d | ||
| 020 | _a0 912776 79 X | ||
| 082 | _aS891.6 BHAB | ||
| 100 | _aBHAKTIVEDANTA (A C). | ||
| 245 | _aBhagavatam. Fifth canto: The creative impetus.Part 2 | ||
| 260 |
_aBombay _bBhaktivedanta book trust. _c1975 |
||
| 300 | _a534 | ||
| 690 | _aSanskrit Prakirana | ||
| 906 | _aSG00794 | ||
| 999 |
_c112453 _d112453 |
||